000 00385pam a2200157a 44500
008 230515b2003 xxu||||| |||| 00| 0 eng d
020 _aNULL
041 _aENG
082 _a617.07
100 _aB M CHATTERJEE L P AGARWAL
245 _aB M CHATTERJEES HAND BOOK OF OPHTHALMOLOGY 6TH ED
250 _a6TH
260 _aNULL
_b"C B S, ND,"
_c2003
300 _a451
650 _aN.D.
999 _c522982
_d522982